| 000 | 00935 a2200277 4500 | ||
|---|---|---|---|
| 260 | _aNew York | ||
| 260 | _aSt Louis | ||
| 260 | _aLondon [et al] | ||
| 100 | _aHUNTER, LLoyd P. | ||
| 260 | _bMc Graw-hill book company | ||
| 245 | _aHandbook of semiconductor electronics : a pratical manual covering the physics, technology, and applications of transistors, diodes, and other semiconductor devices in conventional and intefrated circuits | ||
| 300 | _a[Paginaton multiple] | ||
| 650 | _a<Semiconducteur éléctronique> | ||
| 650 | _a<Circuit intégré : combinaison> | ||
| 260 | _cc1970 | ||
| 300 | _bfig.; 24 cm | ||
| 130 | _lEn. | ||
| 035 | _a14050 | ||
| 250 | _a3e éd | ||
| 500 | _aComprend des bibliographies à la fin de chaque chapitre etdes index auteur et sujet à la fin du vol. | ||
| 999 |
_c10704 _d10704 |
||